00494nam a2200133Ia 4500008004100000100001900041245010100060245007700161260006600238260000900304300002500313500000900338650001300347170224s9999 xx 000 0 und d aAlbert Barreda 4aThe Mediating Effect of Virtual Interactivity in Travel-Related Online Social Network Websites  cAlbert Barreda, Fevzi Okumus, Khaldoon “Khal” Nusair & Anil Bilgihan bInternational Journal of Hospitality & Tourism Administration c2016 a17:2, Pages: 147-178 a2016 xTourism.